000 01134nam a2200373 i 4500
001 56286
003 KOSZ 005
005 20220428144923.0
008 080226s2008 pl f f |001 0 pol
015 _aPB 6758/2008
020 _a9788374265546
040 _cKOSZ 005
_aKOSZ 005
_dKOSZ 005/HR
041 _apol
044 _aPOL
045 _bd2009
046 _k2008
080 _a349.23/.24(438)
080 _a331.45(438)
100 1 _aRączkowski, Bogdan
_eAutor
245 1 0 _aBHP w praktyce /
_cBogdan Rączkowski.
250 _aWyd. 12 , stan prawny na dzień 1 stycznia 2009 r.
260 _aGdańsk :
_bOśrodek Doradztwa i Doskonalenia Kadr,
_c2009.
300 _a1089 s., [8] s. tabl. :
_bil. (w tym kolor.) ;
_c25 cm.
380 _aKsiążki
388 _a2001-
648 7 _a2001-
650 7 _aBHP
650 7 _aPrawo pracy
655 _aPoradnik
658 _aPrawo i wymiar sprawiedliwości
710 2 _aODDK
_4pbl
856 _uhttp://koha.tu.koszalin.pl/cgi-bin/koha/opac-detail.pl?biblionumber=56286
_yKatalog online BPK
942 _cKS
_2UKD
999 _c56286
_d56286